1525 1507 1211 1605 1476 1048 1171 1192 1063 1539 1463 1937 1441 1837 1533 1654 1306 1900 1183 1549 1970 1516 1500 1955 1323 1834 1706 1936 1227 1531 1724 1818 1346 1548 1220 1189 1695 1331 1414 1758 1781 1523 1361 1635 1230 1349 1350 1985 1883 1226 1629 1294 1121 1518 1913 1272 1867 1179 1254 1817 1980 1439 1332 1026 1957 1319 1669 1910 1239 1325 1703 1844 1392 1798 1838 1131 1781 1146 1995 1329 1425 1536 1261 1884 1873 1652 1806 1144 1519 1845 1557 1172 1546 1450 1492 1491 1427 1011 1473 BCNSPRNW ULIB Ver.6.0+V

เปลี่ยนเป็นภาษาไทย

Change to English
 แสดงรายละเอียดบรรณานุกรม
  กลับหน้าหลัก

Brief Record : Get Marc (ISO 2709) : E-mail record : QR code < ปิดหน้าต่าง
LEADER : 00000nam 2200000uu 4500
001    13399126465
003     ULIB
008    180918s2560||||th 000 0 tha d
020    ^a9786164551732
060    ^aWY20.5^bว24ก
100    ^aวาทินี สุขมาก
245    ^aการออกแบบการวิจัยเชิงคุณภาพทางการพยาบาลจิตเวชและสุขภาพจิต/^bวาทินี สุขมาก
250    ^aพิมพ์ครั้งที่ 1
260    ^aขอนแก่น :^bคณะพยาบาลศาสตร์ มหาวิทยาลัยมหาสารคาม,^c2560
300    ^a338 หน้า
650    ^aพยาบาลจิตเวช--วิจัย
945    ^p489^l0^i26950
945    ^p489^l0^i26679
945    ^p489^l0^i26678
945    ^p489^l0^i26952
945    ^p489^l0^i26951
945    ^p489^l0^i26954
945    ^p489^l0^i26953
999    ^aกัณชพร จุลอักษร
รายการนี้ยังไม่มีแท็ก
คุณยังไม่ได้ล็อกอิน คุณสามารถมีกิจกรรมร่วมกับเว็บไซต์ได้ แต่ต้องล็อกอินก่อน ::
  ล็อกอิน

รายการสื่อสารสนเทศ

ลำดับที่ ประเภท เลขเรียก/บาร์โค้ด สถานที่ สถานะ
1. หนังสือสำรอง
หนังสือสำรอง
WY20.5 ว24ก ฉ.1 
  Barcode: 26678
ห้องสมุดวิทยาเขตนครสวรรค์
►หนังสือทั่วไป:l:General Books
บนชั้น
2. วิทยาศาสตร์การแพทย์ และสุขภาพ
วิทยาศาสตร์การแพทย์ และสุขภาพ
WY20.5 ว24ก ฉ.2 
  Barcode: 26679
ห้องสมุดวิทยาเขตนครสวรรค์
►หนังสือทั่วไป:l:General Books
บนชั้น
3. วิทยาศาสตร์การแพทย์ และสุขภาพ
วิทยาศาสตร์การแพทย์ และสุขภาพ
WY20.5 ว24ก ฉ.3 
  Barcode: 26950
ห้องสมุดวิทยาเขตนครสวรรค์
►หนังสือทั่วไป:l:General Books
บนชั้น
4. วิทยาศาสตร์การแพทย์ และสุขภาพ
วิทยาศาสตร์การแพทย์ และสุขภาพ
WY20.5 ว24ก ฉ.4 
  Barcode: 26951
ห้องสมุดวิทยาเขตนครสวรรค์
►หนังสือทั่วไป:l:General Books
บนชั้น
5. วิทยาศาสตร์การแพทย์ และสุขภาพ
วิทยาศาสตร์การแพทย์ และสุขภาพ
WY20.5 ว24ก ฉ.5 
  Barcode: 26952
ห้องสมุดวิทยาเขตนครสวรรค์
►หนังสือทั่วไป:l:General Books
บนชั้น
6. วิทยาศาสตร์การแพทย์ และสุขภาพ
วิทยาศาสตร์การแพทย์ และสุขภาพ
WY20.5 ว24ก ฉ.6 
  Barcode: 26953
ห้องสมุดวิทยาเขตนครสวรรค์
►หนังสือทั่วไป:l:General Books
บนชั้น
7. วิทยาศาสตร์การแพทย์ และสุขภาพ
วิทยาศาสตร์การแพทย์ และสุขภาพ
WY20.5 ว24ก ฉ.7 
  Barcode: 26954
ห้องสมุดวิทยาเขตนครสวรรค์
►หนังสือทั่วไป:l:General Books
บนชั้น

รายการใกล้เคียง
    ผู้แต่ง [วาทินี สุขมาก]

    หัวเรื่อง [พยาบาลจิตเวช--วิจัย]

BibComment


ยังไม่เคยถูกคอมเมนท์

คอมเมนท์ทรัพยากรรายการนี้
  คอมเมนท์: การออกแบบการวิจั..


 Copyright 2026. Bcnsprnw @Library